[Event "FICGS W-ch st2 g02 email"]
[Site "FICGS email"]
[Date "2011.04.03"]
[Round "1"]
[White "Bakhmatov, Andrey Sergeevich"]
[Black "Comas, Raimundo"]
[Result "1-0"]
[WhiteElo "2055"]
[BlackElo "2131"]
[PlyCount "87"]
[EventDate "2011.??.??"]
[EventType "tourn (corr)"]
[EventRounds "6"]
[SourceTitle "Corr 2013"]
[Source "ChessBase"]
[SourceDate "2012.11.12"]
[SourceVersion "1"]
[SourceVersionDate "2012.11.12"]
[SourceQuality "1"]

1. e4 c5 2. Nf3 g6 3. d4 cxd4 4. Nxd4 Nc6 5. Nc3 Bg7 6. Be3 Nf6 7. Bc4 0-0 8. Bb3 a5 9. 0-0 a4 10. Nxa4 Nxe4 11. Nb5 Ra6 12. Qe2 Na5 13. c4 Nd6 14. Nxd6 Rxd6 15. Rfe1 Ra6 16. Bg5 Re6 17. Qd2 d6 18. Be3 Bd7 19. Nb6 Re5 20. Bc2 Nc6 21. Rad1 Be6 22. h3 Rxe3 23. Qxe3 Nd4 24. Rxd4 Qxb6 25. Rd3 Qxb2 26. Bb3 b6 27. Red1 Bf6 28. Qxb6 Rc8 29. c5 Rxc5 30. Qd8+ Kg7 31. Bxe6 fxe6 32. Qd7 Rd5 33. Rxd5 exd5 34. Qa4 d4 35. Qb3 Qe2 36. a4 Qh5 37. g3 Qf5 38. Qd3 Qc5 39. Qd2 Qa3 40. a5 h6 41. Rb1 Qa4 42. Qb4 Qa2 43. Qb6 h5 44. a6 1-0

[Event "FICGS W-ch st2 g02 email"]
[Site "FICGS email"]
[Date "2011.04.03"]
[Round "1"]
[White "Tsenkov, Lyubomir"]
[Black "Comas, Raimundo"]
[Result "1-0"]
[WhiteElo "2349"]
[BlackElo "2131"]
[PlyCount "79"]
[EventDate "2011.??.??"]
[EventType "tourn (corr)"]
[EventRounds "6"]
[SourceTitle "Corr 2013"]
[Source "ChessBase"]
[SourceDate "2012.11.12"]
[SourceVersion "1"]
[SourceVersionDate "2012.11.12"]
[SourceQuality "1"]

1. c4 Nf6 2. Nc3 g6 3. g3 Bg7 4. Bg2 0-0 5. e4 d6 6. Nge2 c5 7. 0-0 Nc6 8. a3 Rb8 9. Rb1 a6 10. b4 Nd7 11. bxc5 dxc5 12. f4 Nd4 13. e5 Nb6 14. d3 Bf5 15. Be3 Bxd3 16. Qxd3 Nf3+ 17. Rxf3 Qxd3 18. Bxc5 Qxc4 19. Bxb6 h5 20. Rb4 Qe6 21. Rd3 h4 22. Nd5 Rbc8 23. Bc7 hxg3 24. f5 gxf5 25. Rb6 gxh2+ 26. Kh1 Rfe8 27. Rxe6 fxe6 28. Nd4 Kf7 29. Nxe6 Kxe6 30. Nf4+ Kf7 31. Rd7 Rh8 32. e6+ Kf6 33. Nd5+ Kg5 34. Nxe7 Rce8 35. Nd5 Bb2 36. Bf4+ Kg6 37. Nc7 Rb8 38. Rd3 Rbg8 39. Rg3+ Kf6 40. Rxg8 1-0

[Event "FICGS W-ch st1 g12 email"]
[Site "FICGS email"]
[Date "2010.07.02"]
[Round "1"]
[White "Unger, Peter"]
[Black "Comas, Raimundo"]
[Result "1/2-1/2"]
[WhiteElo "2158"]
[BlackElo "2026"]
[PlyCount "101"]
[EventDate "2010.??.??"]
[EventType "tourn (corr)"]
[EventRounds "6"]
[SourceTitle "Corr 2013"]
[Source "ChessBase"]
[SourceDate "2012.11.12"]
[SourceVersion "1"]
[SourceVersionDate "2012.11.12"]
[SourceQuality "1"]

1. e4 Nf6 2. e5 Nd5 3. d4 d6 4. exd6 cxd6 5. Nf3 g6 6. Bb5+ Bd7 7. Bxd7+ Qxd7 8. 0-0 Bg7 9. c4 Nb6 10. b3 Nc6 11. Nc3 0-0 12. Be3 d5 13. c5 Nc8 14. Qd2 Re8 15. Bh6 Bh8 16. Rfe1 e6 17. Bf4 N8e7 18. Nb5 Nf5 19. Nc7 Ncxd4 20. Nxd4 Bxd4 21. Rac1 e5 22. Nxe8 Rxe8 23. Be3 Bxe3 24. fxe3 d4 25. exd4 Nxd4 26. Rcd1 Qb5 27. Qf2 Re6 28. Rc1 f6 29. Rc4 Qd7 30. b4 Qd5 31. Rc3 Kg7 32. Ra3 a6 33. Rd3 Qc6 34. a3 Re8 35. Rh3 a5 36. Qd2 h5 37. Qc3 Qd5 38. Kh1 Rc8 39. Rd3 b6 40. Rc1 Rc7 41. h3 g5 42. Rdd1 axb4 43. axb4 bxc5 44. Qc4 Qxc4 45. Rxc4 Ne6 46. Rd6 Kf7 47. Ra6 h4 48. Kg1 Ke7 49. Kf1 Rc8 50. Kf2 Nf4 51. Kf3 1/2-1/2

[Event "FICGS class A 000072 email"]
[Site "FICGS email"]
[Date "2010.06.09"]
[Round "1"]
[White "Bernal Varela, Nelson"]
[Black "Comas, Raimundo"]
[Result "1-0"]
[WhiteElo "2092"]
[BlackElo "2000"]
[PlyCount "143"]
[EventDate "2010.??.??"]
[EventType "tourn (corr)"]
[EventRounds "6"]
[SourceTitle "Corr 2013"]
[Source "ChessBase"]
[SourceDate "2012.11.12"]
[SourceVersion "1"]
[SourceVersionDate "2012.11.12"]
[SourceQuality "1"]

1. e4 Nf6 2. e5 Nd5 3. d4 d6 4. exd6 cxd6 5. Nf3 g6 6. Bb5+ Bd7 7. Bxd7+ Qxd7 8. 0-0 Bg7 9. c4 Nb6 10. b3 Nc6 11. Nc3 Qf5 12. Be3 0-0 13. h3 Rac8 14. Re1 Rfe8 15. a3 Nd7 16. Rc1 Qa5 17. b4 Qd8 18. Qb3 b6 19. Red1 Qc7 20. Ng5 Nd8 21. c5 bxc5 22. dxc5 dxc5 23. Nce4 c4 24. Qa4 Nc6 25. Rxc4 Qb7 26. Nxf7 Kxf7 27. Qb3 Na5 28. Rc7+ Nxb3 29. Rxb7 Nf6 30. Nd6+ Ke6 31. Nxc8 Rxc8 32. Rb1 Rc3 33. Re1 Ne4 34. Bxa7 Rc1 35. Rxc1 Nxc1 36. a4 Nd6 37. Rb8 Ne2+ 38. Kf1 Nd4 39. Bc5 Ne4 40. Bxd4 Bxd4 41. a5 Nd6 42. a6 Kd7 43. Rh8 h5 44. Rh6 Kc6 45. Rxg6 Kb6 46. Rh6 Kxa6 47. Rxh5 Bc3 48. g4 Bxb4 49. h4 Kb7 50. Re5 Kc6 51. Rxe7 Kd5 52. Re2 Nf7 53. g5 Bd6 54. g6 Nh6 55. Kg2 Be5 56. h5 Kd6 57. Kh3 Kd5 58. Kh4 Bf6+ 59. Kg3 Be5+ 60. f4 Bf6 61. Kf3 Nf5 62. Re8 Kd6 63. Ra8 Ke6 64. Ra6+ Ke7 65. Rb6 Bd4 66. Rc6 Bf6 67. Ra6 Nh6 68. Ke4 Bb2 69. f5 Ng8 70. Ra2 Bc3 71. Ra8 Nh6 72. Rc8 1-0

[Event "FICGS class A 000072 email"]
[Site "FICGS email"]
[Date "2010.06.09"]
[Round "1"]
[White "Comas, Raimundo"]
[Black "Sanner, Zdzislaw"]
[Result "1-0"]
[WhiteElo "2000"]
[BlackElo "2081"]
[PlyCount "85"]
[EventDate "2010.??.??"]
[EventType "tourn (corr)"]
[EventRounds "6"]
[SourceTitle "Corr 2013"]
[Source "ChessBase"]
[SourceDate "2012.11.12"]
[SourceVersion "1"]
[SourceVersionDate "2012.11.12"]
[SourceQuality "1"]

1. d4 Nf6 2. c4 g6 3. Nc3 Bg7 4. e4 0-0 5. Nf3 d6 6. Be2 Nc6 7. 0-0 e5 8. d5 Ne7 9. Ne1 Ne8 10. Nd3 f5 11. Bd2 Nf6 12. f3 f4 13. c5 g5 14. Qb3 Ng6 15. Rac1 Rf7 16. Rc2 Bf8 17. cxd6 cxd6 18. Rfc1 g4 19. fxg4 Bxg4 20. Nf2 Bxe2 21. Nxe2 h5 22. Rc4 a5 23. Qh3 Qd7 24. Qxd7 Nxd7 25. Rc8 Rxc8 26. Rxc8 b6 27. g3 Kh7 28. Rc6 fxg3 29. hxg3 Ne7 30. Rc7 Nc5 31. Be3 Rg7 32. Kg2 Kg8 33. Bxc5 bxc5 34. b3 h4 35. Ra7 hxg3 36. Nxg3 Ng6 37. Rxg7+ Kxg7 38. Nf5+ Kf7 39. Ne3 Ke8 40. a4 Kd7 41. Nc4 Kc7 42. Nxa5 Be7 43. Nc4 1-0

[Event "FICGS class A 000072 email"]
[Site "FICGS email"]
[Date "2010.06.09"]
[Round "1"]
[White "Fric, Lubos"]
[Black "Comas, Raimundo"]
[Result "1-0"]
[WhiteElo "2162"]
[BlackElo "2000"]
[PlyCount "95"]
[EventDate "2010.??.??"]
[EventType "tourn (corr)"]
[EventRounds "6"]
[SourceTitle "Corr 2013"]
[Source "ChessBase"]
[SourceDate "2012.11.12"]
[SourceVersion "1"]
[SourceVersionDate "2012.11.12"]
[SourceQuality "1"]

1. d4 Nf6 2. c4 g6 3. Nc3 Bg7 4. e4 d6 5. Be2 0-0 6. Bg5 c5 7. d5 h6 8. Bf4 a6 9. a4 e6 10. Nf3 exd5 11. cxd5 g5 12. Bc1 Re8 13. Qc2 Qe7 14. Nd2 Nbd7 15. a5 Ne5 16. 0-0 Bd7 17. Re1 Rad8 18. Ra3 g4 19. Rb3 Bc8 20. Na4 Qc7 21. Nb6 Ned7 22. Nbc4 Nf8 23. Re3 h5 24. Nb6 Ng6 25. Ndc4 Bd7 26. Bf1 Bb5 27. b3 Bxc4 28. Nxc4 Qe7 29. Rd3 Nd7 30. f4 f5 31. Rde3 Bd4 32. exf5 Nxf4 33. Bb2 Bxe3+ 34. Rxe3 Qg5 35. Bc1 Rxe3 36. Bxe3 Nf6 37. Qd2 Nh3+ 38. gxh3 Qxf5 39. Bh6 Rd7 40. Qe3 Nxd5 41. Qe8+ Kh7 42. Bg5 gxh3 43. Bd3 Qxd3 44. Qxd7+ Kg6 45. Be3 Qb1+ 46. Kf2 Qc2+ 47. Bd2 Nf6 48. Qxd6 1-0

[Event "FICGS class A 000072 email"]
[Site "FICGS email"]
[Date "2010.06.09"]
[Round "1"]
[White "Simmelink, Joop Theo"]
[Black "Comas, Raimundo"]
[Result "1/2-1/2"]
[WhiteElo "2182"]
[BlackElo "2000"]
[PlyCount "96"]
[EventDate "2010.??.??"]
[EventType "tourn (corr)"]
[EventRounds "6"]
[SourceTitle "Corr 2013"]
[Source "ChessBase"]
[SourceDate "2012.11.12"]
[SourceVersion "1"]
[SourceVersionDate "2012.11.12"]
[SourceQuality "1"]

1. e4 Nf6 2. e5 Nd5 3. d4 d6 4. Nf3 Bg4 5. Be2 e6 6. 0-0 Be7 7. h3 Bh5 8. c4 Nb6 9. Nc3 0-0 10. Be3 d5 11. c5 Bxf3 12. gxf3 Nc8 13. f4 Nc6 14. b4 a6 15. Rb1 Bh4 16. Bd3 g6 17. Qg4 f5 18. Qe2 Qd7 19. Kh2 Kh8 20. Rg1 Nd8 21. a4 Nf7 22. b5 axb5 23. axb5 Ne7 24. Ra1 Qd8 25. Rxa8 Qxa8 26. Nb1 Rg8 27. Nd2 g5 28. Qh5 gxf4 29. Qxh4 Rxg1 30. Kxg1 fxe3 31. fxe3 Ng8 32. Kf2 Qa2 33. Ke2 h6 34. Qh5 Ng5 35. h4 Ne4 36. Bxe4 dxe4 37. Qf7 Qc2 38. Qxe6 Qd3+ 39. Kd1 Qxe3 40. Qxf5 Qxd4 41. Ke2 Qxc5 42. Nxe4 Qxb5+ 43. Ke3 Qd5 44. Nf6 Nxf6 45. Qxf6+ Kh7 46. Qf5+ Kg7 47. Qf6+ Kh7 48. Qf5+ Kg7 1/2-1/2